| 000 | 02177cam a22003617a 4500 | ||
|---|---|---|---|
| 001 | 13779754 | ||
| 003 | OSt | ||
| 005 | 20211218123521.0 | ||
| 008 | 041112s2006 caua b 001 0 eng | ||
| 010 | _a 2004116430 | ||
| 020 | _a9780534625634 | ||
| 020 | _a0534625630 | ||
| 035 | _a(OCoLC)ocm59141125 | ||
| 040 |
_aESU _cESU _dDLC |
||
| 042 | _alccopycat | ||
| 050 | 0 | 0 | _aBF637.N66.K63 |
| 100 | 1 | _aKnapp, Mark L. | |
| 245 | 1 | 0 |
_aNonverbal communication in human interaction. / _cMark L. Knapp, Judith A. Hall. |
| 250 | _a6th ed. | ||
| 260 |
_aBelmont, CA : _bThomson/Wadsworth, _c2006. |
||
| 300 |
_axiii, 490 p. : _bill. ; _c24 cm. |
||
| 504 | _aIncludes bibliographical references and indexes. | ||
| 505 | _aContents: 1. An introduction to the study of nonverbal communication -- The Roots of nonverbal behavior -- The ability to receive and send nonverbal signs -- 2. The communication environment: The Effects of the environment on human condition -- The effects of territory and personal space on human communication -- 3. The communicators: The Effects of physical characteristics on human communication -- 4. The Communicator's behavior: The Effects of gesture and posture on human condition -- The Effects of touch on human communication -- The Effects of the face on human communication -- The Effects of eye behavior on human communication -- The Effects of vocal cues that accompany spoken words -- 5. Communicating important messages: Using nonverbal behavior in daily interaction -- Nonverbal messages in special contexts -- | ||
| 650 | 0 | _aBody language. | |
| 700 | 1 | _aHall, Judith A. | |
| 856 | 4 | 2 |
_3Publisher description _uhttp://www.loc.gov/catdir/enhancements/fy1103/2004116430-d.html |
| 856 | 4 | 1 |
_3Table of contents only _uhttp://www.loc.gov/catdir/enhancements/fy1103/2004116430-t.html |
| 856 | 4 | 2 |
_3Contributor biographical information _uhttp://www.loc.gov/catdir/enhancements/fy1302/2004116430-b.html |
| 906 |
_a0 _bibc _ccopycat _d3 _eepcn _f20 _gy-gencatlg |
||
| 942 |
_2lcc _cBK |
||
| 999 |
_c8317 _d15817 |
||